000304214 001__ 304214
000304214 005__ 20240928181300.0
000304214 0247_ $$aG:(GEPRIS)435885225$$d435885225
000304214 035__ $$aG:(GEPRIS)435885225
000304214 040__ $$aGEPRIS$$chttp://gepris.its.kfa-juelich.de
000304214 150__ $$a3D-Nanodrucker für Anwendungen in der Bio-Nano-Physik$$y2021
000304214 371__ $$aProfessor Dr. Robert H. Blick
000304214 450__ $$aDFG project G:(GEPRIS)435885225$$wd$$y2021
000304214 5101_ $$0I:(DE-588b)2007744-0$$aDeutsche Forschungsgemeinschaft$$bDFG
000304214 680__ $$aDer 3D-Druck revolutioniert gerade Forschung und Industrie. Dies gilt auch für die Lithographie auf der Nanometer-Skala, mit welcher sich ganz neue Forschungsfelder eröffnen. So lassen sich nun nano-elektronische Schaltungen in drei Dimensionen aufbauen oder drei-dimensionale Hybrid-Schaltkreise für die Nano-Bio-Elektronik definieren. Wie wir bereits in unseren Vorarbeiten zeigen konnten, lassen sich in 3D-Gerüsten ganze Zellverbände mit Maus-Neuronen kultivieren, die weiterhin Aktionspotentiale ausbilden können. Damit konnten wir die ersten Schritte unternehmen, um langfristig die Wechselwirkungen von Zellverbänden in 3D zu bestimmen, was bisher nur in 2D möglich war. Dies ist tatsächlich ein qualitativ neuer Ansatz, da existierende elektronische Schaltkreise im Wesentlichen in 2D realisiert sind im Gegensatz zu den Nervenzellverbünden im Gehirn. Diese 3D-Interkonnektivität der Nervenzellen ermöglicht ihnen trotz einer relativ langsamen Propagationsgeschwindigkeit der Aktionspotentiale eine immens hohe Datenverarbeitungsrate. Wir wollen daher einen 3D-Nanodrucker anschaffen, um so gezielt diese neue Forschungsrichtung zu bearbeiten. In Kombination mit unserer Expertise im Bereich der Zellkultivierung und –charakterisierung (mittlerweile auch von Stammzellen) und der Atomic-Layer-Definition (ALD), haben wir alle notwendigen Grundlagen an unserem Center for Hybrid Nanostructures vereint, um diese prinzipiell neuen bio-physikalischen Fragestellungen anzugehen. Das noch fehlende Element ist der hiermit von uns beantragte 3D-Nanodrucker mit Ablationsoption.
000304214 909CO $$ooai:juser.fz-juelich.de:970957$$pauthority$$pauthority:GRANT
000304214 909CO $$ooai:juser.fz-juelich.de:970957
000304214 980__ $$aG
000304214 980__ $$aAUTHORITY